La lámpara maravillosa : (Record no. 150085)
[ view plain ]
| 000 -LEADER | |
|---|---|
| campo de control de longitud fija | 00579nam a2200181 i 4500 |
| 001 - NÚMERO DE CONTROL | |
| campo de control | 150085 |
| 003 - IDENTIFICADOR DE NÚMERO DE CONTROL | |
| campo de control | ES-MaACL |
| 005 - FECHA Y HORA DE LA ÚLTIMA TRANSACCIÓN | |
| campo de control | 20250624062529.0 |
| 007 - CAMPO FIJO DE DESCRIPCIÓN FÍSICA--INFORMACIÓN GENERAL | |
| campo de control de longitud fija | t| |
| 008 - DATOS DE LONGITUD FIJA--INFORMACIÓN GENERAL | |
| campo de control de longitud fija | 071026s1916 sp ||||1| spa d |
| 100 1# - ENTRADA PRINCIPAL--NOMBRE DE PERSONA | |
| Nombre de persona | Valle-Inclán, Ramón del, |
| Fechas asociadas al nombre | 1866-1936 |
| 9 (RLIN) | 112796 |
| 245 13 - MENCIÓN DEL TÍTULO | |
| Título | La lámpara maravillosa : |
| Resto del título | ejercicios espirituales / |
| Mención de responsabilidad, etc. | de Ramón del Valle-Inclán |
| 260 ## - PUBLICACIÓN, DISTRIBUCIÓN, ETC. | |
| Lugar de publicación, distribución, etc. | [Madrid : |
| Nombre del editor, distribuidor, etc. | Sociedad General Española de Librería, |
| Fecha de publicación, distribución, etc. | 1916] |
| Fabricante | (Imp. Helénica) |
| 300 ## - DESCRIPCIÓN FÍSICA | |
| Extensión | 258 p. ; |
| Dimensiones | 18 cm. |
| 852 ## - LOCALIZACIÓN | |
| Ubicación | ES-MaACL |
| Número de control de estantería | B-3712 |
| 942 ## - ELEMENTOS DE ENTRADA SECUNDARIOS (KOHA) | |
| Fuente del sistema de clasificación o colocación | Clasificación decimal universal |
| Estatus retirado | Estado de pérdida | Estado de daño | No para préstamo | Biblioteca de origen | Biblioteca actual | Ubicación en estantería | Fecha de adquisición | Fuente de adquisición | Total de préstamos | Signatura topográfica completa | Código de barras | Visto por última vez | Precio de reemplazo | Tipo de ítem Koha |
|---|---|---|---|---|---|---|---|---|---|---|---|---|---|---|
| Biblioteca del Ateneo de Madrid | Biblioteca del Ateneo de Madrid | Sala Pardo Bazán | 17/01/2008 | B-3712 | 1156614 | 23/02/2023 | 23/02/2023 | Libro impreso |
